[Event "Pocos de Caldas op"]
[Site "Pocos de Caldas"]
[Date "2019.02.10"]
[Round "5"]
[White "Resende, Carlos Alberto Fig"]
[Black "Brassoloto, Adan"]
[Result "1/2-1/2"]
[WhiteElo "1996"]
[BlackElo "1806"]
[PlyCount "74"]
[EventDate "2019.02.08"]
[EventType "swiss"]
[EventRounds "6"]
[EventCountry "BRA"]
[SourceTitle "CBM 188 Extra"]
[Source "ChessBase"]
[SourceDate "2019.02.26"]
[SourceVersion "1"]
[SourceVersionDate "2019.02.26"]
[SourceQuality "1"]

1. e4 c5 2. Nf3 g6 3. d4 cxd4 4. Nxd4 Nc6 5. Be3 Bg7 6. Nc3 Nf6 7. Qd2 0-0 8. 0-0-0 d6 9. f3 Bd7 10. g4 Rc8 11. h4 h5 12. gxh5 Nxh5 13. Nde2 Ne5 14. Nd4 Nc4 15. Bxc4 Rxc4 16. Qd3 Rc8 17. f4 e5 18. fxe5 Bxe5 19. Nde2 Qa5 20. Bd4 Be6 21. b3 Qa3+ 22. Kb1 a5 23. Qb5 Bg7 24. Bxg7 Kxg7 25. Rhg1 Rc5 26. Qd3 Rfc8 27. Qxd6 b5 28. Rg5 Qb4 29. Rxc5 Qxc5 30. Qxc5 Rxc5 31. Nd5 Bg4 32. Rd2 b4 33. Nd4 Bc8 34. Kb2 Ng3 35. c4 Nxe4 36. Re2 Nf6 37. Nf4 Bg4 1/2-1/2

[Event "Pocos de Caldas op"]
[Site "Pocos de Caldas"]
[Date "2019.02.09"]
[Round "3"]
[White "Mendes Domingues, Ribeiro Matheus"]
[Black "Brassoloto, Adan"]
[Result "1-0"]
[WhiteElo "1883"]
[BlackElo "1806"]
[PlyCount "59"]
[EventDate "2019.02.08"]
[EventType "swiss"]
[EventRounds "6"]
[EventCountry "BRA"]
[SourceTitle "CBM 188 Extra"]
[Source "ChessBase"]
[SourceDate "2019.02.26"]
[SourceVersion "1"]
[SourceVersionDate "2019.02.26"]
[SourceQuality "1"]

1. c4 Nf6 2. Nc3 g6 3. g3 Bg7 4. Bg2 0-0 5. e4 d6 6. Nge2 Nbd7 7. 0-0 a5 8. d3 Nc5 9. h3 Bd7 10. d4 Ne6 11. f4 c5 12. e5 dxe5 13. dxe5 Ne8 14. Bxb7 N8c7 15. Bxa8 Qxa8 16. Qxd7 Rd8 17. Qa4 Nd4 18. Be3 Nf3+ 19. Kf2 Ne6 20. Nd5 Nfd4 21. Rad1 Qb7 22. b3 Nf5 23. Nf6+ exf6 24. Rxd8+ Bf8 25. Rd5 fxe5 26. fxe5 Nxe3 27. Kxe3 Bh6+ 28. Kd3 Qe7 29. Qd7 Qg5 30. Qxf7+ 1-0

[Event "BRA-ch Amateur U1800"]
[Site "Sao Paulo"]
[Date "2016.05.29"]
[Round "7"]
[White "Brassoloto, Adan"]
[Black "Resende, Lucas B Massucato"]
[Result "1-0"]
[WhiteElo "1793"]
[BlackElo "1669"]
[PlyCount "53"]
[EventDate "2016.05.26"]
[EventType "swiss"]
[EventRounds "7"]
[EventCountry "BRA"]
[SourceTitle "EXT 2019"]
[Source "ChessBase"]
[SourceDate "2018.10.10"]
[SourceVersion "1"]
[SourceVersionDate "2018.10.10"]
[SourceQuality "1"]

1. e4 c5 2. d4 cxd4 3. c3 dxc3 4. Nxc3 d6 5. Bc4 Nf6 6. Nf3 Qc7 7. Qe2 a6 8. Bg5 Nbd7 9. 0-0 e6 10. Rac1 Be7 11. Bb3 Qa5 12. Rfd1 0-0 13. Bf4 e5 14. Nd5 Nxd5 15. Rxd5 b5 16. Bg5 Nf6 17. Bxf6 gxf6 18. Nh4 Kh8 19. Rd3 Be6 20. Qh5 Rg8 21. Bxe6 fxe6 22. Rh3 Rg7 23. Qh6 Qd8 24. Rcc3 Rc8 25. Rcg3 Qf8 26. Ng6+ Kg8 27. Nxf8 1-0

[Event "Rio Claro IRT 2nd"]
[Site "Rio Claro"]
[Date "2015.09.06"]
[Round "5.3"]
[White "Cardozo, Matheus Santos"]
[Black "Brassoloto, Adan"]
[Result "0-1"]
[WhiteElo "1827"]
[BlackElo "1816"]
[PlyCount "68"]
[EventDate "2015.09.05"]
[EventType "swiss"]
[EventRounds "5"]
[EventCountry "BRA"]
[SourceTitle "EXT 2022"]
[Source "ChessBase"]
[SourceDate "2021.10.06"]
[SourceVersion "1"]
[SourceVersionDate "2021.10.06"]
[SourceQuality "1"]

1. e4 c5 2. Nf3 d6 3. d4 cxd4 4. Nxd4 Nf6 5. Nc3 a6 6. f3 e5 7. Nb3 b5 8. Be3 Nbd7 9. Qd2 Be7 10. 0-0-0 Qc7 11. g4 Bb7 12. h4 b4 13. Ne2 Rc8 14. Ng3 d5 15. g5 d4 16. Nxd4 exd4 17. Bf4 Qa5 18. gxf6 Bxf6 19. Kb1 0-0 20. Bd6 Nc5 21. Bxf8 Kxf8 22. Bd3 Na4 23. Ka1 Qc5 24. Nf5 Rc6 25. Rhg1 Bc8 26. h5 Be6 27. Qc1 Qa5 28. b3 Bxb3 29. cxb3 Rxc1+ 30. Rxc1 Nc3 31. Rg2 Qe5 32. Rcc2 Qf4 33. Rgf2 g6 34. hxg6 hxg6 0-1

[Event "Matinhos Caioba-ch"]
[Site "Matinhos"]
[Date "2015.08.30"]
[Round "5"]
[White "Brassoloto, Adan"]
[Black "Loss, Victor Pinheiro Cos"]
[Result "1-0"]
[WhiteElo "1816"]
[BlackElo "1156"]
[PlyCount "47"]
[EventDate "2015.08.28"]
[EventType "swiss"]
[EventRounds "6"]
[EventCountry "BRA"]
[SourceTitle "EXT 2016"]
[Source "ChessBase"]
[SourceDate "2015.10.08"]
[SourceVersion "1"]
[SourceVersionDate "2015.10.08"]
[SourceQuality "1"]

1. c4 e5 2. g3 d6 3. Bg2 Nf6 4. Nc3 Be6 5. d3 Nc6 6. Qb3 Rb8 7. Nf3 d5 8. cxd5 Nxd5 9. Ng5 Nd4 10. Qd1 c6 11. Nxe6 Nxe6 12. 0-0 Nec7 13. Qb3 Be7 14. Rd1 Nxc3 15. bxc3 Bg5 16. Bxg5 Qxg5 17. Bxc6+ bxc6 18. Qxb8+ Qd8 19. Qxa7 Nb5 20. Qc5 Qd6 21. Qxd6 Nxd6 22. Rdb1 Nb5 23. c4 Nc3 24. Rb8+ 1-0

[Event "BRA-ch Amateur"]
[Site "Sao Paulo"]
[Date "2015.04.01"]
[Round "3"]
[White "Brassoloto, Adan"]
[Black "Awoki, Daniel Teidi"]
[Result "0-1"]
[WhiteElo "1820"]
[BlackElo "1993"]
[PlyCount "80"]
[EventDate "2015.04.30"]
[EventType "swiss"]
[EventRounds "7"]
[EventCountry "BRA"]
[SourceTitle "EXT 2022"]
[Source "ChessBase"]
[SourceDate "2021.10.06"]
[SourceVersion "1"]
[SourceVersionDate "2021.10.06"]
[SourceQuality "1"]

1. c4 e5 2. g3 Nf6 3. Bg2 d5 4. cxd5 Nxd5 5. Nc3 Be6 6. Nf3 Nc6 7. d3 Be7 8. Bd2 Nb6 9. 0-0 0-0 10. Rc1 f5 11. a4 Bf6 12. Be3 Nd4 13. Bxd4 exd4 14. Nb5 c6 15. Na3 Qe7 16. a5 Nd5 17. Nc4 Bf7 18. Re1 b5 19. axb6 axb6 20. Nxb6 Nxb6 21. Rxc6 Nd5 22. Qc1 Rab8 23. h4 Qb4 24. Ng5 Bxg5 25. hxg5 Qxb2 26. g6 hxg6 27. Qg5 Nf6 28. Bf3 Qa2 29. Qc1 Rfe8 30. Rc2 Qb3 31. Kg2 Bd5 32. Rh1 Bxf3+ 33. exf3 Qxd3 34. Rc7 Rb3 35. Qf4 Nh5 36. Rxh5 gxh5 37. Rxg7+ Kxg7 38. Qg5+ Kf7 39. Qxh5+ Ke7 40. Qg5+ Kd7 0-1

[Event "BRA-ch Amateur"]
[Site "Sao Paulo"]
[Date "2015.04.01"]
[Round "2"]
[White "Pomar, Marcelo Nascimento"]
[Black "Brassoloto, Adan"]
[Result "1/2-1/2"]
[WhiteElo "2024"]
[BlackElo "1820"]
[PlyCount "147"]
[EventDate "2015.04.30"]
[EventType "swiss"]
[EventRounds "7"]
[EventCountry "BRA"]
[SourceTitle "EXT 2022"]
[Source "ChessBase"]
[SourceDate "2021.10.06"]
[SourceVersion "1"]
[SourceVersionDate "2021.10.06"]
[SourceQuality "1"]

1. e4 c5 2. Nf3 g6 3. c4 Nc6 4. d4 cxd4 5. Nxd4 Bg7 6. Be3 Nf6 7. Nc3 0-0 8. Be2 d6 9. Qd2 Bd7 10. Rc1 Nxd4 11. Bxd4 Bc6 12. f3 Nd7 13. Be3 a5 14. b3 Nc5 15. 0-0 f5 16. exf5 Rxf5 17. f4 e5 18. Bg4 exf4 19. Bxf4 Rxf4 20. Qxf4 Be5 21. Qf7+ Kh8 22. Nd5 Qh4 23. Bh3 Ne4 24. Kh1 Bxd5 25. cxd5 Ng3+ 26. hxg3 Qxg3 27. Rf4 Qxf4 28. Qxf4 Bxf4 29. Rc8+ Rxc8 30. Bxc8 b6 31. g4 Kg7 32. Kg2 Kf6 33. Kf3 Ke5 34. Be6 g5 35. Ke2 Kd4 36. Kd1 Kc3 37. Bf5 h6 38. Bd7 Kb2 39. Ba4 Kxa2 40. Kc2 Ka3 41. Kc3 Be5+ 42. Kc4 Kb2 43. Bd7 Kc2 44. b4 axb4 45. Kxb4 Kd3 46. Kb5 Bd4 47. Be6 Bc5 48. Bf7 Kd4 49. Be6 Ke5 50. Kc4 Kf4 51. Bd7 Ke4 52. Bf5+ Ke5 53. Be6 Kf6 54. Bd7 Ke7 55. Bf5 Kd8 56. Be6 Kc7 57. Bf5 Kb7 58. Kb5 Bd4 59. Kc4 Be5 60. Kb5 Bf6 61. Be6 Bd4 62. Kc4 Be3 63. Kb5 Kc7 64. Bf5 Kd8 65. Kc6 Ke7 66. Be6 h5 67. gxh5 Bd4 68. h6 Be5 69. Kxb6 Kf6 70. Kc6 Kg6 71. Bg4 Kxh6 72. Kd7 Kg6 73. Ke6 Bf4 74. Bf3 1/2-1/2

[Event "Maringa op 4th"]
[Site "Maringa"]
[Date "2014.08.20"]
[Round "2"]
[White "Brassoloto, Adan"]
[Black "Mendonca Campelo, Higor Carlos"]
[Result "0-1"]
[WhiteElo "1785"]
[BlackElo "2095"]
[PlyCount "50"]
[EventDate "2014.08.20"]
[EventType "swiss"]
[EventRounds "9"]
[EventCountry "BRA"]
[SourceTitle "EXT 2015"]
[Source "ChessBase"]
[SourceDate "2014.11.20"]
[SourceVersion "1"]
[SourceVersionDate "2014.11.20"]
[SourceQuality "1"]

1. e4 e6 2. d4 d5 3. Nc3 Nf6 4. e5 Nfd7 5. Nce2 c5 6. c3 Nc6 7. Nf3 Qb6 8. a3 Be7 9. Nf4 a5 10. Be2 Ndb8 11. h4 Bd7 12. 0-0 cxd4 13. cxd4 a4 14. Nh5 0-0 15. Qd2 f6 16. Nxg7 Kxg7 17. Qh6+ Kg8 18. Bd3 f5 19. Ng5 Bxg5 20. Bxg5 Qxd4 21. Bf6 Qg4 22. h5 Nxe5 23. Be2 Nf7 24. Qd2 Qe4 25. Qc3 Nc6 0-1

[Event "Americana Region-ch 6th"]
[Site "Americana"]
[Date "2014.06.21"]
[Round "3.7"]
[White "De Campos, Joao Manuel"]
[Black "Brassoloto, Adan"]
[Result "1-0"]
[WhiteElo "1855"]
[BlackElo "1790"]
[PlyCount "71"]
[EventDate "2014.05.30"]
[EventType "swiss"]
[EventRounds "6"]
[EventCountry "BRA"]
[SourceTitle "EXT 2022"]
[Source "ChessBase"]
[SourceDate "2021.10.06"]
[SourceVersion "1"]
[SourceVersionDate "2021.10.06"]
[SourceQuality "1"]

1. e4 c5 2. Nf3 g6 3. d4 cxd4 4. Nxd4 Nc6 5. Be3 Bg7 6. Nc3 Nf6 7. Be2 0-0 8. 0-0 d5 9. exd5 Nxd5 10. Nxd5 Qxd5 11. Bf3 Qd8 12. Nxc6 bxc6 13. Qxd8 Rxd8 14. Bxc6 Rb8 15. Rad1 Be6 16. Rxd8+ Rxd8 17. b3 a5 18. c4 f5 19. Bb5 Bc3 20. f4 Bc8 21. Bc6 Be6 22. Kf2 Rd6 23. Bb5 Bc8 24. c5 Rd8 25. Ke2 e5 26. Rd1 Rxd1 27. Kxd1 e4 28. Kc2 Bf6 29. a3 h6 30. b4 Bd8 31. Bc4+ Kf8 32. Bd5 Ba6 33. Bc6 g5 34. b5 Bc8 35. b6 Be6 36. g3 1-0

[Event "Nova Odessa op"]
[Site "Nova Odessa"]
[Date "2014.05.31"]
[Round "3"]
[White "Brassoloto, Adan"]
[Black "Menezes, Jose Eduardo C"]
[Result "1-0"]
[WhiteElo "1790"]
[BlackElo "1923"]
[PlyCount "42"]
[EventDate "2014.05.30"]
[EventType "swiss"]
[EventRounds "6"]
[EventCountry "BRA"]
[SourceTitle "CBM 160 Extra"]
[Source "ChessBase"]
[SourceDate "2014.07.01"]
[SourceVersion "1"]
[SourceVersionDate "2014.07.01"]
[SourceQuality "1"]

1. e4 c5 2. Nf3 d6 3. d4 cxd4 4. Qxd4 Bd7 5. Bc4 Nc6 6. Qd3 Nf6 7. Nc3 Nb4 8. Bxf7+ Kxf7 9. Qc4+ e6 10. Qxb4 Qc7 11. Qb3 h6 12. Bf4 g5 13. Bg3 Nh5 14. Nd4 a6 15. 0-0-0 b5 16. Nd5 Qc4 17. Qf3+ Kg6 18. Nb6 Qxa2 19. Nxd7 Qa1+ 20. Kd2 Qxb2 21. Nxe6 Be7 1-0

[Event "Nova Odessa op"]
[Site "Nova Odessa"]
[Date "2014.05.31"]
[Round "4"]
[White "Casarin, Luis Marcio Pinhatt"]
[Black "Brassoloto, Adan"]
[Result "1-0"]
[WhiteElo "1856"]
[BlackElo "1790"]
[PlyCount "93"]
[EventDate "2014.05.30"]
[EventType "swiss"]
[EventRounds "6"]
[EventCountry "BRA"]
[SourceTitle "CBM 160 Extra"]
[Source "ChessBase"]
[SourceDate "2014.07.01"]
[SourceVersion "1"]
[SourceVersionDate "2014.07.01"]
[SourceQuality "1"]

1. c4 c5 2. g3 Nf6 3. Bg2 g6 4. Nf3 Bg7 5. 0-0 0-0 6. Nc3 d6 7. d3 Bd7 8. a3 Nc6 9. Ne1 Qc8 10. Rb1 a5 11. Nc2 Bh3 12. Bg5 Bxg2 13. Kxg2 e6 14. Nb5 Qd7 15. Qd2 e5 16. Bh6 d5 17. Bxg7 Kxg7 18. Rfd1 Rfd8 19. Qe1 Nd4 20. Ncxd4 exd4 21. b3 Re8 22. Rb2 Re5 23. Qh1 Rh5 24. h3 Re8 25. f3 Re3 26. a4 g5 27. g4 Rh4 28. Qh2 Ne8 29. Qg3 f5 30. Qb8 fxg4 31. hxg4 dxc4 32. bxc4 Rxg4+ 33. fxg4 Qxg4+ 34. Kf1 Qh3+ 35. Ke1 Qg2 36. Na3 Re7 37. Rdb1 Qg1+ 38. Kd2 Qe3+ 39. Kd1 Qg1+ 40. Kc2 Qg2 41. Rxb7 Qxe2+ 42. Kc1 Qe1+ 43. Kb2 Qc3+ 44. Ka2 Rxb7 45. Qxb7+ Kg6 46. Qe4+ Kg7 47. Qe7+ 1-0

[Event "Pocos de Caldas op"]
[Site "Pocos de Caldas"]
[Date "2014.02.16"]
[Round "6"]
[White "Brassoloto, Adan"]
[Black "Januario, Marcos Antonio"]
[Result "1-0"]
[WhiteElo "1792"]
[BlackElo "1606"]
[PlyCount "57"]
[EventDate "2014.02.14"]
[EventType "swiss"]
[EventRounds "6"]
[EventCountry "BRA"]
[SourceTitle "CBM 158 Extra"]
[Source "ChessBase"]
[SourceDate "2014.02.28"]
[SourceVersion "1"]
[SourceVersionDate "2014.02.28"]
[SourceQuality "1"]

1. c4 Nf6 2. g3 g6 3. Bg2 Bg7 4. Nc3 c5 5. Nf3 Nc6 6. 0-0 d5 7. cxd5 Nxd5 8. Qc2 Ndb4 9. Qd1 0-0 10. a3 Qa5 11. Rb1 Na6 12. b3 Nc7 13. Bb2 Rd8 14. Qc2 Ne6 15. e3 a6 16. Rfd1 Rb8 17. Ne2 b5 18. Bxg7 Nxg7 19. Qxc5 Bb7 20. Qc1 Rd3 21. Nf4 Rd7 22. d4 e6 23. Nd3 Ba8 24. Nc5 Rdd8 25. b4 Qb6 26. Ng5 Nf5 27. Nge4 Kg7 28. d5 exd5 29. Ne6+ 1-0

[Event "Mogi das Cruzes op 09"]
[Site "Mogi das Cruzes"]
[Date "2013.09.29"]
[Round "6"]
[White "Brassoloto, Adan"]
[Black "Sato, Alberto Akio"]
[Result "1-0"]
[WhiteElo "1786"]
[BlackElo "1562"]
[PlyCount "61"]
[EventDate "2013.09.26"]
[EventType "swiss"]
[EventRounds "7"]
[EventCountry "BRA"]
[SourceTitle "CBM 156 Extra"]
[Source "ChessBase"]
[SourceDate "2013.10.22"]
[SourceVersion "1"]
[SourceVersionDate "2013.10.22"]
[SourceQuality "1"]

1. c4 c6 2. Nf3 d5 3. cxd5 cxd5 4. b3 Nd7 5. Bb2 Ngf6 6. g3 b6 7. Bg2 Bb7 8. d3 e6 9. Nbd2 Bb4 10. 0-0 Rc8 11. Rc1 0-0 12. a3 Rxc1 13. Qxc1 Bxd2 14. Qxd2 Qb8 15. b4 Rc8 16. Rc1 Rxc1+ 17. Qxc1 h6 18. Nd4 Ne8 19. f4 Qc7 20. Qe3 Qb8 21. Nxe6 Ndf6 22. Nd4 Nd6 23. h3 Qe8 24. Qe5 Qd7 25. g4 Nde8 26. g5 hxg5 27. fxg5 Nh7 28. Nf5 f6 29. Bxd5+ Bxd5 30. Qxd5+ Qxd5 31. Ne7+ 1-0

[Event "Americana Paulista op"]
[Site "Americana"]
[Date "2013.09.21"]
[Round "3"]
[White "Spilleir, Davi de Pinho"]
[Black "Brassoloto, Adan"]
[Result "0-1"]
[WhiteElo "1766"]
[BlackElo "1786"]
[PlyCount "34"]
[EventDate "2013.09.20"]
[EventType "swiss"]
[EventRounds "6"]
[EventCountry "BRA"]
[SourceTitle "CBM 156 Extra"]
[Source "ChessBase"]
[SourceDate "2013.10.22"]
[SourceVersion "1"]
[SourceVersionDate "2013.10.22"]
[SourceQuality "1"]

1. e4 c5 2. Nf3 g6 3. d4 cxd4 4. Nxd4 Nc6 5. Nc3 Bg7 6. Be3 Nf6 7. f3 Qb6 8. Qd2 Nxe4 9. Ndb5 Nxd2 10. Bxb6 0-0 11. 0-0-0 Nxf1 12. Rhxf1 axb6 13. g4 f5 14. g5 d6 15. h4 Bd7 16. f4 Nd8 17. Kb1 Ne6 0-1

[Event "Sao Jose dos Campos op"]
[Site "Sao Jose dos Campos"]
[Date "2012.11.30"]
[Round "2"]
[White "Hidalgo Herrera, Antonio"]
[Black "Brassoloto, Adan"]
[Result "0-1"]
[WhiteElo "2107"]
[BlackElo "1761"]
[PlyCount "82"]
[EventDate "2012.11.29"]
[EventType "swiss"]
[EventRounds "7"]
[EventCountry "BRA"]
[SourceTitle "EXT 2014"]
[Source "ChessBase"]
[SourceDate "2013.11.20"]
[SourceVersion "1"]
[SourceVersionDate "2013.11.20"]
[SourceQuality "1"]

1. e4 c5 2. Bc4 d6 3. h3 Nf6 4. d3 Nc6 5. c3 Qb6 6. Qb3 Ne5 7. Qxb6 axb6 8. Na3 Bd7 9. Bb5 e6 10. Bxd7+ Nfxd7 11. Nb5 Nxd3+ 12. Ke2 Nxc1+ 13. Rxc1 Rxa2 14. Rb1 Be7 15. Nf3 0-0 16. Rhc1 f5 17. exf5 Rxf5 18. g4 Rf4 19. Nc7 Bf6 20. g5 Bd8 21. Ke3 Rxf3+ 22. Kxf3 Bxc7 23. Re1 Kf7 24. h4 Ne5+ 25. Kg2 Nd3 26. Re4 d5 27. Re3 Rxb2 28. Rxb2 Nxb2 29. Rf3+ Ke7 30. h5 e5 31. g6 hxg6 32. hxg6 d4 33. Rf7+ Ke6 34. Rxg7 Kf6 35. Rxc7 Kxg6 36. Rxb7 dxc3 37. Rxb6+ Kf5 38. Rc6 Nd3 39. Ra6 c2 40. Ra1 c1Q 41. Rxc1 Nxc1 0-1